Nhật ngữ căn bản Gồm 4 tập
Uloženo v:
| Médium: | Kniha |
|---|---|
| Jazyk: | Undetermined |
| Témata: | |
| Tagy: |
Přidat tag
Žádné tagy, Buďte první, kdo otaguje tento záznam!
|
| Thư viện lưu trữ: | Trung tâm Học liệu Trường Đại học Cần Thơ |
|---|
| LEADER | 00422nam a2200157Ia 4500 | ||
|---|---|---|---|
| 001 | CTU_102070 | ||
| 008 | 210402s9999 xx 000 0 und d | ||
| 020 | |c 12000 | ||
| 082 | |a 495.6 | ||
| 082 | |b Nh124/T.3/C.3 | ||
| 245 | 0 | |a Nhật ngữ căn bản | |
| 245 | 0 | |b Gồm 4 tập | |
| 245 | 0 | |c T.3/ Cas.3 | |
| 650 | |a Japanese language | ||
| 904 | |i M.Loan | ||
| 980 | |a Trung tâm Học liệu Trường Đại học Cần Thơ | ||